000 002480000a22000970004500
100 1 _aMahecha, Guidoberto
245 1 0 _aLa importancia de la conversión
300 _avol. 1, núm 1 (1989), Páginas 5
773 0 _tImpacto Presbiteriano
942 _cANA
999 _c50800
_d50800